Don't Say the Same Thing as Me! #2 - Statistics

General Stats
  • This quiz has been taken 301 times
  • The average score is 5 of 10
Answer Stats
Name a... X % % Correct
JetPunk featured language Polish 1/10
88%
Capital city of Oceania Suva 1/14
88%
Countries that start with L Laos 1/9
75%
Planet of the Solar System Uranus 1/8
67%
Country that touches the Red Sea Saudi Arabia 1/8
52%
-Stan Country Tajikistan 1/7
50%
Buddhist majority country Cambodia 1/7
39%
North American great lake Ontario 1/5
36%
Maghreb country Mauritania 1/5
23%
Country that has land in Borneo Malaysia 1/3
20%
No matching quizzes found
Score Distribution
Percent of People with Each Score
Percentile by Number Answered
Your Score History
You have not taken this quiz